Economic Priorities in Parliamentary Election in the Slovak Republic in 2016 and Its Results
Stručný pohľad na parlamentné voľby v SR v roku 2016. Prehľad volebných programov a cieľov jednotlivých strán. Porovnanie výsledkov volieb v roku 2012 a 2016.
Salvato in:
| Autore principale: | |
|---|---|
| Altri autori: | |
| Natura: | Capitolo di libro |
| Lingua: | inglese |
| Soggetti: | |
| Tags: |
Nessun Tag, puoi essere il primo ad aggiungerne!!
|
MARC
| LEADER | 00000naa$a2200000$$$4500 | ||
|---|---|---|---|
| 001 | 0262467 | ||
| 005 | 20240502083753.8 | ||
| 041 | 0 | |a eng | |
| 044 | |a BG | ||
| 245 | 1 | 0 | |a Economic Priorities in Parliamentary Election in the Slovak Republic in 2016 and Its Results |c Karol Janas, Rudolf Kucharčík |
| 520 | |a Stručný pohľad na parlamentné voľby v SR v roku 2016. Prehľad volebných programov a cieľov jednotlivých strán. Porovnanie výsledkov volieb v roku 2012 a 2016. | ||
| 610 | 2 | 0 | |a voľby |
| 610 | 2 | 0 | |a parlamenty |
| 610 | 2 | 0 | |a Slovensko |
| 610 | 2 | 0 | |a strany politické |
| 610 | 2 | 0 | |a javy sociálne |
| 610 | 2 | 0 | |a javy ekonomické |
| 610 | 2 | 0 | |a kampane volebné |
| 100 | 1 | |a Janas, Karol | |
| 700 | 1 | |a Kucharčík, Rudolf, 1977- | |